=LDR 00000nam 2200000 4500 =001 INLIS000000000008747 =005 20130612100558 =008 ***********************************Ind** =035 ##$$0010-061300000008747 =041 ##$$a Ind =082 ##$$a 658.4 =090 ##$$a 658.4, Bag b =100 ##$$a Parkinson, C. Northcote =245 ##$$a BagaimanaMeniti karir Puncak, C.northcote Parkinson =260 ##$$a 1991 $b Jakarta =300 ##$$a 134 hlm, Ilus, 21 cm =650 ##$$a Manajemen eksekutif =700 ##$$a Parcinson,C Northcote